العلاج السلوكي المعرفي / (رقم التسجيلة. 133561)

تفاصيل مارك
000 -LEADER
fixed length control field 00615nam a22002057a 4500
005 - DATE AND TIME OF LATEST TRANSACTION
control field 20251108175420.0
008 - FIXED-LENGTH DATA ELEMENTS--GENERAL INFORMATION
fixed length control field 250721s2015 xx 000 0 ara d
082 14 - DEWEY DECIMAL CLASSIFICATION NUMBER
Classification number 155.2/فور
100 1# - MAIN ENTRY--PERSONAL NAME
Personal name فورمان، إيلين
245 10 - TITLE STATEMENT
Title العلاج السلوكي المعرفي /
264 1# - PRODUCTION, PUBLICATION, DISTRIBUTION, MANUFACTURE, AND COPYRIGHT NOTICE
Place of production, publication, distribution, manufacture رأس الخيمة :
Name of producer, publisher, distributor, manufacturer دار نون،
Date of production, publication, distribution, manufacture, or copyright notice 2015.
300 ## - PHYSICAL DESCRIPTION
Extent 211 ص.
650 17 - SUBJECT ADDED ENTRY--TOPICAL TERM
Topical term or geographic name as entry element علم النفس الفردي
650 17 - SUBJECT ADDED ENTRY--TOPICAL TERM
Topical term or geographic name as entry element علم النفس
650 17 - SUBJECT ADDED ENTRY--TOPICAL TERM
Topical term or geographic name as entry element السلوك
700 1# - ADDED ENTRY--PERSONAL NAME
Personal name حسام، الموصللي
700 1# - ADDED ENTRY--PERSONAL NAME
Personal name الموصللي، حسام
Relator term مترجم
942 ## - ADDED ENTRY ELEMENTS (KOHA)
Source of classification or shelving scheme Dewey Decimal Classification
Koha item type كتب
المقتنيات
حالة السحب حالة الفقدان مصدر التصنيف حالة التلف غير قابل للإعارة المكتبة الرئيسية المكتبة الحالية موقع الرف تاريخ التزويد الرقم المتسلسل Total Checkouts رقم الإستدعاء الباركود تاريخ آخر ظهور تاريخ الفاتورة نوع المادة (كوها)
    Dewey Decimal Classification     المكتبة المركزية المكتبة المركزية الإعارة 28/07/2025 1616159   155.2/فور PLD00358545 28/07/2025 28/07/2025 كتب
    Dewey Decimal Classification     المكتبة المركزية المكتبة المركزية الإعارة 16/11/2015 1616859   155.2/فور PLD00364963 28/07/2025 16/11/2015 كتب
Implemented & Customized by: BBB with SCIT (Smart Chains for Information Technology)

Powered by Koha